[Event "4NCL Division 2b"]
[Site "Birmingham, ENG ENG"]
[Date "2016.02.14"]
[Round "6.29"]
[White "Moore, Graham J"]
[Black "Martin, Peter"]
[Result "1/2-1/2"]
[WhiteElo "2207"]
[BlackElo "2096"]
[PlyCount "79"]
[EventDate "2016.02.14"]
[WhiteTeam "Anglian Avengers 1"]
[BlackTeam "Downend & Fishponds"]

1. e4 c5 2. Nf3 g6 3. d4 cxd4 4. Nxd4 Bg7 5. Nc3 Nc6 6. Be3 Nf6 7. Be2 O-O 8.
Nb3 d6 9. f4 a6 10. O-O b5 11. Bf3 Bb7 12. Qe1 Qc7 13. a3 e6 14. Rd1 Rfd8 15.
Bf2 Nd7 16. Bh4 Rdc8 17. Qd2 Nb6 18. Qxd6 Nc4 19. Qxc7 Rxc7 20. e5 Bf8 21. Rb1
N6a5 22. Ne4 Rac8 23. Nxa5 Nxa5 24. c3 Nc4 25. Nf6+ Kg7 26. Bxb7 Rxb7 27. Rfd1
Be7 28. Rd3 h6 29. h3 a5 30. Kf2 Bc5+ 31. Ke2 Be7 32. Rd4 g5 33. fxg5 hxg5 34.
Bxg5 Nxe5 35. Nh5+ Kg6 36. Bxe7 Rxe7 37. Nf4+ Kg7 38. Nd3 Nc4 39. Rf1 f5 40.
Rc1 1/2-1/2

[Event "4NCL Division 2b"]
[Site "Birmingham, ENG ENG"]
[Date "2016.02.14"]
[Round "6.30"]
[White "Humphreys, Jerry G"]
[Black "Gregory, Stephen J"]
[Result "0-1"]
[WhiteElo "1997"]
[BlackElo "2117"]
[PlyCount "102"]
[EventDate "2016.02.14"]
[WhiteTeam "Downend & Fishponds"]
[BlackTeam "Anglian Avengers 1"]

1. e4 d6 2. d4 Nf6 3. Nc3 g6 4. Nf3 Bg7 5. Be2 O-O 6. O-O Nc6 7. d5 Nb8 8. e5
dxe5 9. Nxe5 c6 10. dxc6 Nxc6 11. Nxc6 bxc6 12. Bf3 Qc7 13. Qe2 Rb8 14. Re1 Re8
15. Qc4 Bf5 16. Qxc6 Qa5 17. Bd2 Bd7 18. Qc4 Rxb2 19. Nd1 Qxd2 20. Nxb2 Rc8 21.
Re2 Qa5 22. Qb3 e6 23. Rd1 Qc7 24. c4 Rb8 25. Qe3 Be8 26. Qc1 h5 27. h3 Kh7 28.
Nd3 Ba4 29. Rde1 Ng8 30. Ne5 f6 31. Nd3 e5 32. Qa3 Be8 33. Rc2 Nh6 34. Nb4 Qc5
35. Rb2 a5 36. Qd3 Rxb4 37. Rxb4 Qxb4 38. Rb1 Qe7 39. Rb7 Qe6 40. Qa3 Bc6 41.
Rb6 e4 42. Be2 Qd7 43. Qxa5 Nf5 44. Ra6 e3 45. fxe3 Nxe3 46. Qc3 f5 47. Qd3 Bd4
48. c5 Nxg2+ 49. Kf1 Ne3+ 50. Kf2 Nc2+ 51. Kf1 Bg2+ 0-1

[Event "4NCL Division 2b"]
[Site "Birmingham, ENG ENG"]
[Date "2016.02.14"]
[Round "6.31"]
[White "Wooldridge, Leon M"]
[Black "French, Max"]
[Result "1-0"]
[WhiteElo "2110"]
[BlackElo "1930"]
[PlyCount "45"]
[EventDate "2016.02.14"]
[WhiteTeam "Anglian Avengers 1"]
[BlackTeam "Downend & Fishponds"]

1. e4 c6 2. d4 d5 3. f3 dxe4 4. fxe4 e5 5. Nf3 exd4 6. Bc4 Be6 7. Bxe6 fxe6 8.
O-O Bc5 9. Ng5 Nf6 10. e5 Nd5 11. Nf7 d3+ 12. Kh1 dxc2 13. Qe2 cxb1=Q 14. Rxb1
Qa5 15. Nxh8 Na6 16. Nf7 Qxa2 17. Bd2 Kd7 18. Qd3 g6 19. Ng5 h6 20. Nf3 g5 21.
Ra1 Qxb2 22. Rfb1 Nab4 23. Bxb4 1-0

[Event "4NCL Division 2b"]
[Site "Birmingham, ENG ENG"]
[Date "2016.02.14"]
[Round "6.32"]
[White "Young, Daniel J"]
[Black "Cocks, Elliot"]
[Result "0-1"]
[WhiteElo "1952"]
[BlackElo "1892"]
[PlyCount "102"]
[EventDate "2016.02.14"]
[WhiteTeam "Downend & Fishponds"]
[BlackTeam "Anglian Avengers 1"]

1. e4 c6 2. d4 d5 3. e5 c5 4. Nf3 Nc6 5. dxc5 e6 6. a3 Qc7 7. Bb5 Bd7 8. Qe2
Bxc5 9. O-O Nge7 10. Rd1 Rc8 11. b4 Bb6 12. Bb2 O-O 13. Bd3 Ng6 14. g3 a6 15.
h4 Rfd8 16. h5 Nf8 17. Nbd2 h6 18. c4 Qb8 19. g4 Bc7 20. Re1 Ne7 21. Qe3 dxc4
22. Nxc4 Nd5 23. Qd2 Bb5 24. Bd4 Nb6 25. Nxb6 Bxb6 26. Bxb5 axb5 27. Qe3 Bxd4
28. Nxd4 Rc4 29. Rad1 Qa7 30. Nxb5 Rxg4+ 31. Kf1 Qxe3 32. fxe3 Rc8 33. Rc1 Rxc1
34. Rxc1 Rg5 35. Rc7 Rxe5 36. Rxb7 Rxh5 37. a4 Rf5+ 38. Ke2 h5 39. a5 h4 40. a6
h3 41. a7 h2 42. a8=Q h1=Q 43. Nd4 Qf1+ 44. Kd2 Rf2+ 45. Kc3 Qc1+ 46. Kd3 f5
47. Nf3 Qc2+ 48. Kd4 Qe4+ 49. Kc5 Rxf3 50. b5 Qxe3+ 51. Kc6 Qd4 0-1